[Event "fas KO - rating >1700"]
[Site "SchemingMind.com"]
[Date "2012.09.06"]
[Round "-"]
[White "emvarela"]
[Black "kenneth m day"]
[Result "0-1"]
[WhiteCountry "ARG"]
[BlackCountry "USA"]
[WhiteElo "1731"]
[WhiteRD "50"]
[BlackElo "1754"]
[BlackRD "54"]
[GameID "317071"]

1. e4 e6 2. d4 d5 3. Nc3 Nf6 4. e5 Nfd7 5. f4 c5 6. Nf3 a6 7. Be3 Nc6 8. Qd2 b5 9. dxc5 Nxc5 10. Bxc5 Bxc5
11. a3 Qb6 12. Bd3 Be3 13. Qe2 Bxf4 14. g3 Be3 15. Nd1 Bh6 16. c3 O-O 17. Qc2 g6 18. b4 Bb7 19. a4 Qc7 20. axb5 axb5
21. Rxa8 Rxa8 22. Nd4 Qxe5+ 23. Qe2 Qxe2+ 24. Bxe2 Nxd4 25. cxd4 Bc6 26. O-O Ra4 27. Nc3 Rxb4 28. Rb1 Rxb1+ 29. Nxb1 Be3+
0-1

[Event "fas KO - rating >1700"]
[Site "SchemingMind.com"]
[Date "2012.09.06"]
[Round "-"]
[White "Clive Everill"]
[Black "Black Five"]
[Result "0-1"]
[WhiteCountry "CZE"]
[BlackCountry "WLS"]
[WhiteElo "1760"]
[WhiteRD "50"]
[BlackElo "1867"]
[BlackRD "100"]
[GameID "317403"]

1. e4 c5 2. Nc3 d6 3. f4 g6 4. Nf3 Bg7 5. Bc4 Nf6 6. O-O Nc6 7. d3 a6 8. a4 O-O 9. f5 e6 10. fxe6 Bxe6
11. Bxe6 fxe6 12. Bg5 Qd7 13. Ne2 b5 14. axb5 axb5 15. Qd2 Rxa1 16. Rxa1 e5 17. h3 b4 18. c3 bxc3 19. Nxc3 Qb7 20. Bxf6 Bxf6
21. Nd5 Nb4 22. Nxf6+ Rxf6 23. Qg5 Rf8 24. Qd2 Ra8 25. Rxa8+ Qxa8 26. h4 Qd8 27. g3 Qf6 28. Qe2 Kg7 29. Kg2 h6 30. Nh2 h5
31. Nf3 Kg8 32. Ng5 Nc6 33. Nf3 Kg7 34. Qd1 Nb4 35. Qb3 Qf7 36. Qc2 Nxc2
0-1

[Event "fas KO - rating >1700"]
[Site "SchemingMind.com"]
[Date "2012.09.06"]
[Round "-"]
[White "Black Five"]
[Black "Clive Everill"]
[Result "1-0"]
[WhiteCountry "WLS"]
[BlackCountry "CZE"]
[WhiteElo "1867"]
[WhiteRD "100"]
[BlackElo "1760"]
[BlackRD "50"]
[GameID "317405"]

1. d4 Nf6 2. c4 g6 3. Nc3 d5 4. Bf4 Bg7 5. Nf3 O-O 6. Rc1 dxc4 7. e4 Bg4 8. Be2 Nh5 9. Be3 Bxf3 10. Bxf3 Nf6
11. e5 Nfd7 12. Bxb7 Na6 13. Bxa8 Qxa8 14. O-O Rd8 15. Qa4 Qb7 16. Qxc4 Nb6 17. Qe2 f6 18. Rfd1 Nb4 19. a3 N4d5 20. Nxd5 Nxd5
21. b4 Nxe3 22. Qxe3 fxe5 23. dxe5 Rxd1+ 24. Rxd1 Qb8 25. e6 Bf6 26. g3 Kg7 27. Qf4 Qb6 28. Qe3 Qa6 29. Rd7 Qc6 30. Qxa7 Qc1+
31. Kg2 Qc6+ 32. f3 Qxe6 33. Rxc7 Qa2+ 34. Kh1 Qa1+ 35. Kg2 Qa2+ 36. Qf2 Qxa3 37. b5 Qd6 38. Rc1 h5 39. Rb1 Be5 40. b6 h4
41. b7 Qd8 42. b8=Q Bxb8 43. Qb2+ Kf7 44. Qxb8 Qd2+ 45. Kh1 hxg3 46. Qxg3 Qd3 47. Rg1 e6 48. h4 Qd5 49. Qxg6+ Ke7 50. Qg5+
1-0

[Event "fas KO - rating >1700"]
[Site "SchemingMind.com"]
[Date "2012.09.08"]
[Round "-"]
[White "John Hamer"]
[Black "spoke"]
[Result "1-0"]
[WhiteCountry "ENG"]
[BlackCountry "GER"]
[WhiteElo "1986"]
[WhiteRD "66"]
[BlackElo "1774"]
[BlackRD "65"]
[GameID "317454"]

1. d4 d5 2. Nf3 Nc6 3. Bf4 Bg4 4. c4 e6 5. e3 Bd6 6. Bg3 Bxg3 7. hxg3 Nf6 8. Nc3 a6 9. Qb3 Bxf3 10. gxf3 Qd7
11. cxd5 Nxd5 12. Qxb7 Rb8 13. Qxa6 Rxb2 14. Bb5 Ndb4 15. Qa8+ Ke7 16. Qxh8 Nc2+ 17. Kf1 Nxa1 18. Qxg7
1-0

[Event "fas KO - rating >1700"]
[Site "SchemingMind.com"]
[Date "2012.09.08"]
[Round "-"]
[White "spoke"]
[Black "John Hamer"]
[Result "1/2-1/2"]
[WhiteCountry "GER"]
[BlackCountry "ENG"]
[WhiteElo "1774"]
[WhiteRD "65"]
[BlackElo "1986"]
[BlackRD "66"]
[GameID "317461"]

1. d4 d5 2. c4 c6 3. cxd5 cxd5 4. Nf3 Nf6 5. Nc3 e6 6. Bg5 Nc6 7. e3 Be7 8. a3 a6 9. Bd3 Qb6 10. Qd2 O-O
11. O-O h6 12. Bxf6 Bxf6 13. Rac1 Bd7 14. Na4 Qc7 15. Nc5 Rfd8 16. b4 Qb6 17. Rc2 e5 18. Nxd7 Rxd7 19. dxe5 Nxe5 20. Nxe5 Bxe5
21. Rfc1 Re8=
1/2-1/2

[Event "fas KO - rating >1700"]
[Site "SchemingMind.com"]
[Date "2012.09.10"]
[Round "-"]
[White "smothered mate"]
[Black "Holty"]
[Result "1-0"]
[WhiteCountry "POL"]
[BlackCountry "ENG"]
[WhiteElo "1999"]
[WhiteRD "63"]
[BlackElo "1742"]
[BlackRD "59"]
[GameID "317541"]

1. e4 e5 2. Nc3 Nf6 3. f4 d5 4. fxe5 Nxe4 5. Nf3 Bc5 6. d4 Bb4 7. Bd2 c6 8. Nxe4 dxe4 9. Bxb4 exf3 10. Qxf3 Qh4+
11. Qf2 Qxf2+ 12. Kxf2 Be6 13. c4 Nd7 14. Rc1 f6 15. exf6 Nxf6 16. Bd3 Kf7 17. Rhf1 Rhe8 18. Kg1 Kg8 19. Bc3 b6 20. b4 a6
21. a4 Nd7 22. Be4 Rac8 23. d5 cxd5 24. cxd5 Bf7 25. Bxh7+ Kf8 26. Bg6 Ne5 27. Bxe5 Rxc1 28. Bd6+
1-0

[Event "fas KO - rating >1700"]
[Site "SchemingMind.com"]
[Date "2012.09.10"]
[Round "-"]
[White "Holty"]
[Black "smothered mate"]
[Result "0-1"]
[WhiteCountry "ENG"]
[BlackCountry "POL"]
[WhiteElo "1742"]
[WhiteRD "59"]
[BlackElo "1999"]
[BlackRD "63"]
[GameID "317542"]

1. d4 Nf6 2. Nf3 g6 3. c4 d5 4. Nc3 dxc4 5. e3 Be6 6. b3 cxb3 7. axb3 c6 8. Bc4 Nd5 9. Bb2 Bg7 10. h3 O-O
11. O-O Nd7 12. Ng5 Nxc3 13. Bxc3 Bxc4 14. bxc4 e5 15. Nf3 exd4 16. exd4 c5 17. Qc2 cxd4 18. Bxd4 Bxd4 19. Nxd4 Qf6 20. Rfd1 Nc5
21. Nb5 a5 22. Nc7 Rad8 23. Rxa5 Qb6 24. Rxc5 Qxc5 25. Nd5 f6 26. Nxf6+ Kg7 27. Rxd8 Rxd8 28. Nd5 Rxd5 29. Qc3+ Qd4 30. Qb4 Qa1+
31. Kh2 Qe5+ 32. g3 Rd7 33. c5 Rf7 34. Kg1 Qf6 35. f4 Qa1+ 36. Kg2 Re7 37. c6 Qa2+ 38. Kf3 Qe2#
0-1

[Event "fas KO - rating >1700"]
[Site "SchemingMind.com"]
[Date "2012.09.13"]
[Round "-"]
[White "Teagy"]
[Black "esteves101"]
[Result "0-1"]
[WhiteCountry "ENG"]
[BlackCountry "PHI"]
[WhiteElo "1743"]
[WhiteRD "64"]
[BlackElo "2016"]
[BlackRD "86"]
[GameID "317669"]

1. e4 e5 2. f4 exf4 3. Nf3 Be7 4. Bc4 Bh4+ 5. Kf1 Bf6 6. e5 Be7 7. d4 g5 8. Qe2 g4 9. Ne1 d5 10. Bb5+ c6
11. Bd3 Bg5 12. Nc3 Nh6 13. Qf2 f6 14. Bxf4 fxe5 15. Bxg5 Qxg5 16. Kg1 e4 17. Bf1 Rf8 18. Qe2 Nf5 19. Nxe4 dxe4 20. Qxe4+ Ne7
21. g3 Bf5 22. Qe2 Nd7 23. Ng2 O-O-O 24. Nf4 Ng6 25. Qf2 Rde8
0-1

[Event "fas KO - rating >1700"]
[Site "SchemingMind.com"]
[Date "2012.09.13"]
[Round "-"]
[White "esteves101"]
[Black "Teagy"]
[Result "1-0"]
[WhiteCountry "PHI"]
[BlackCountry "ENG"]
[WhiteElo "2016"]
[WhiteRD "86"]
[BlackElo "1743"]
[BlackRD "64"]
[GameID "317673"]

1. e4 e6 2. Nf3 d5 3. exd5 exd5 4. d4 Bd6 5. Bd3 Ne7 6. O-O Bg4 7. Re1 Nc6 8. h3 Bh5 9. Nc3 O-O 10. Bxh7+ Kh8
11. Bd3 Bb4 12. Be3 a6 13. a3 Ba5 14. Bg5 Qd7 15. Bxe7 Nxe7 16. Ne5 Qxh3 17. gxh3 Bxd1 18. Raxd1
1-0

[Event "fas KO - rating >1700"]
[Site "SchemingMind.com"]
[Date "2012.09.16"]
[Round "-"]
[White "ajswegiel"]
[Black "Scooter"]
[Result "1-0"]
[WhiteCountry "POL"]
[BlackCountry "USA"]
[WhiteElo "2174"]
[WhiteRD "96"]
[BlackElo "1779"]
[BlackRD "47"]
[GameID "317708"]

1. d4 Nf6 2. c4 e6 3. Nc3 Bb4 4. Qc2 d5 5. a3 Bxc3+ 6. Qxc3 O-O 7. Bg5 c6 8. e3 Nbd7 9. Bd3 h6 10. Bh4 Ne4
11. Bxd8 Nxc3 12. Bh4 Ne4 13. Nf3 g5 14. Bg3 Nxg3 15. hxg3 Kg7 16. Ke2 Nb6 17. c5 Nd7 18. Rab1 b6 19. cxb6 axb6 20. Rh2 Ba6
21. Bxa6 Rxa6 22. Rbh1 Rh8 23. Nxg5 Raa8 24. Nf3 c5 25. Rc1 c4 26. Nd2 b5 27. f4 Nb6 28. Rhh1 Na4 29. Rc2 Rab8 30. b3 Nb6
31. b4 Rhg8 32. Kf3 Ra8 33. Nb1 Nd7 34. Ra2 Nf6 35. Nc3 Rab8 36. a4 bxa4 37. Rxa4 Rh8 38. b5 Rhc8 39. Rb4 Nd7 40. Ra4 Nb6
41. Ra7 Na8 42. Rb1 Nc7 43. b6 Ne8 44. b7 Rc7 45. Ra8
1-0

[Event "fas KO - rating >1700"]
[Site "SchemingMind.com"]
[Date "2012.09.16"]
[Round "-"]
[White "Scooter"]
[Black "ajswegiel"]
[Result "0-1"]
[WhiteCountry "USA"]
[BlackCountry "POL"]
[WhiteElo "1779"]
[WhiteRD "47"]
[BlackElo "2174"]
[BlackRD "96"]
[GameID "317712"]

1. d4 d5 2. Nf3 Nf6 3. Bf4 Bf5 4. h3 e6 5. e3 Nbd7 6. Bd3 Bg6 7. O-O Be7 8. Bxg6 hxg6 9. Nbd2 O-O 10. c4 dxc4
11. Nxc4 Nd5 12. Bg3 N5b6 13. b3 Nxc4 14. bxc4 Bd6 15. Bxd6 cxd6 16. Rb1 b6 17. a4 Rc8 18. Qd3 Rc7 19. Rfc1 Qc8 20. Qa3 Rxc4
21. Rxc4 Qxc4 22. Qxd6 Qxa4 23. Rb4 Qd1+ 24. Kh2 Nf6 25. Qc6 Qe2 26. Ra4 Qxf2 27. Rxa7 Qxe3 28. Qxb6 Qf4+ 29. Kh1 Ne4 30. Qc7 Nf2+
31. Kg1 Nxh3+
0-1

[Event "fas KO - rating >1700"]
[Site "SchemingMind.com"]
[Date "2012.09.18"]
[Round "-"]
[White "Queeny"]
[Black "kibic"]
[Result "0-1"]
[WhiteCountry "ENG"]
[BlackCountry "INT"]
[WhiteElo "1744"]
[WhiteRD "89"]
[BlackElo "2241"]
[BlackRD "68"]
[GameID "317906"]

1. e4 e5 2. Nf3 Nc6 3. d4 exd4 4. Nxd4 Bc5 5. Be3 Qf6 6. c3 Qg6 7. Qf3 Nxd4 8. Bxd4 Bxd4 9. cxd4 Ne7 10. Bd3 Qb6
11. Qe2 Qxd4 12. O-O d6 13. Nc3 c6 14. Rad1 O-O 15. Qh5 Qe5 16. Qh4 Ng6 17. Qg3 Nf4 18. Qf3 h5 19. Ne2 Nxd3 20. Rxd3 Bg4
21. Qf4 Bxe2
0-1

[Event "fas KO - rating >1700"]
[Site "SchemingMind.com"]
[Date "2012.09.19"]
[Round "-"]
[White "Apatchenlama"]
[Black "kaspy2011"]
[Result "1-0"]
[WhiteCountry "GER"]
[BlackCountry "IND"]
[WhiteElo "1872"]
[WhiteRD "77"]
[BlackElo "1682"]
[BlackRD "181"]
[GameID "317954"]

1. d4 Nf6 2. c4 e6 3. g3 c5 4. Nf3 d5 5. Bg2 Nc6 6. O-O Be7 7. dxc5 Bxc5 8. cxd5 Qxd5 9. Qa4 O-O 10. Bg5 Be7
11. Nc3 Qa5 12. Qc2 a6 13. a3
1-0

[Event "fas KO - rating >1700"]
[Site "SchemingMind.com"]
[Date "2012.09.24"]
[Round "-"]
[White "kaspy2011"]
[Black "Apatchenlama"]
[Result "0-1"]
[WhiteCountry "IND"]
[BlackCountry "GER"]
[WhiteElo "1694"]
[WhiteRD "131"]
[BlackElo "1876"]
[BlackRD "74"]
[GameID "317957"]

1. e4 e6 2. d4 d5 3. Nc3 Nf6 4. Bg5 Bb4 5. e5 h6 6. Bd2 Nfd7 7. a3 Be7 8. f4 c5 9. Nf3 Nc6 10. Be3 O-O
11. Bb5 cxd4 12. Nxd4 Nxd4 13. Bxd4 a6
0-1

[Event "fas KO - rating >1700"]
[Site "SchemingMind.com"]
[Date "2012.10.11"]
[Round "-"]
[White "Black Five"]
[Black "John Hamer"]
[Result "0-1"]
[WhiteCountry "WLS"]
[BlackCountry "ENG"]
[WhiteElo "1867"]
[WhiteRD "100"]
[BlackElo "2029"]
[BlackRD "66"]
[GameID "319090"]

1. d4 Nf6 2. c4 d5 3. cxd5 Nxd5 4. Nf3 e6 5. e4 Nb6 6. Nc3 Bd7 7. Bd3 Nc6 8. O-O Be7 9. Bf4 O-O 10. Ne5 Nxd4
11. Re1 Be8 12. a4 Bd6 13. Qg4 Qf6 14. Qg3 Nc6 15. Nxc6 Bxf4 16. e5 Qh6 17. Qh3 Bxc6 18. Qxh6 Bxh6 19. b3 Bd2 20. Nb5 Bxe1
21. Rxe1 Rad8 22. Bb1 a6 23. Nc3 Rd2
0-1

[Event "fas KO - rating >1700"]
[Site "SchemingMind.com"]
[Date "2012.10.11"]
[Round "-"]
[White "John Hamer"]
[Black "Black Five"]
[Result "1/2-1/2"]
[WhiteCountry "ENG"]
[BlackCountry "WLS"]
[WhiteElo "2029"]
[WhiteRD "66"]
[BlackElo "1867"]
[BlackRD "100"]
[GameID "319094"]

1. c4 Nf6 2. d4 e6 3. Nc3 d5 4. Nf3 c6 5. Bg5 h6 6. Bh4 dxc4 7. e4 Be7 8. e5 Nd5 9. Bxe7 Qxe7 10. Bxc4 O-O
11. O-O Qb4 12. Qe2 Nf4 13. Qd2 Ng6 14. Bd3 b6 15. Rfc1 Ba6 16. a3 Qe7 17. Be4 Bc4 18. Qe3 Bd5 19. Bd3 Nd7 20. Nxd5 cxd5
21. Ba6 Nb8 22. Be2 Nd7 23. Rc2 Rfc8 24. Rac1 Qd8 25. Ba6 Rxc2 26. Rxc2=
1/2-1/2

[Event "fas KO - rating >1700"]
[Site "SchemingMind.com"]
[Date "2012.10.29"]
[Round "-"]
[White "kibic"]
[Black "ajswegiel"]
[Result "1-0"]
[WhiteCountry "INT"]
[BlackCountry "POL"]
[WhiteElo "2341"]
[WhiteRD "64"]
[BlackElo "2143"]
[BlackRD "99"]
[GameID "319825"]

1. d4 d5 2. Nf3 Nf6 3. c4 c6 4. Nc3 a6 5. e3 b5 6. b3 Bg4 7. h3 Bxf3 8. Qxf3 e5 9. dxe5 Bb4 10. Bd2 Bxc3
11. Bxc3 Ne4 12. Bb4 bxc4 13. Qg4 c5 14. f3 Nc6 15. fxe4 Nxb4 16. Qxg7 Rf8 17. exd5 Qh4+ 18. Ke2 Nxd5 19. Qg4 Qh6 20. Qf3 Rd8
21. Kf2 f5 22. Bxc4 f4 23. Kg1 Nxe3 24. Re1 Qg6 25. e6 Rg8 26. g4 Nxc4 27. Qc6+ Ke7 28. bxc4 Qf6 29. Qxc5+ Ke8 30. Qc6+ Ke7
31. Qb7+ Ke8 32. e7 Qd4+ 33. Kg2 Qd2+ 34. Kf1 Qd3+ 35. Re2 f3 36. exd8=Q+ Kxd8 37. Qe7+ Kc8 38. Qe6+ Kc7 39. Qf7+ Kb6 40. c5+ Ka5
41. Qc7+
1-0

[Event "fas KO - rating >1700"]
[Site "SchemingMind.com"]
[Date "2012.10.29"]
[Round "-"]
[White "ajswegiel"]
[Black "kibic"]
[Result "0-1"]
[WhiteCountry "POL"]
[BlackCountry "INT"]
[WhiteElo "2159"]
[WhiteRD "97"]
[BlackElo "2296"]
[BlackRD "65"]
[GameID "319830"]

1. d4 Nf6 2. c4 e6 3. Nc3 Bb4 4. Nf3 d5 5. cxd5 exd5 6. Bg5 h6 7. Bh4 g5 8. Bg3 Nc6 9. e3 Ne4 10. Nd2 Nxc3
11. bxc3 Bxc3 12. Rc1 Bb4 13. h4 Rg8 14. hxg5 hxg5 15. Bb5 Bd7 16. Qf3 Qe7 17. Qxd5 O-O-O 18. Qc4 f5 19. Bxc6 Bxc6 20. Rb1 Ba5
0-1

[Event "fas KO - rating >1700"]
[Site "SchemingMind.com"]
[Date "2012.11.04"]
[Round "-"]
[White "smothered mate"]
[Black "kenneth m day"]
[Result "1-0"]
[WhiteCountry "POL"]
[BlackCountry "USA"]
[WhiteElo "2033"]
[WhiteRD "57"]
[BlackElo "1754"]
[BlackRD "54"]
[GameID "320611"]

1. e4 e6 2. d4 d5 3. e5 c5 4. Bd3 cxd4 5. Nf3 Nc6 6. O-O Bc5 7. Nbd2 Nge7 8. Nb3 Bb6 9. Bg5 O-O 10. a3 h6
11. Bh4 Qc7 12. Re1 Ng6 13. Bg3 Qe7 14. h4 Bd7 15. h5 Nh8 16. Qb1 Rac8 17. c4 dxc3 18. Bh7#
1-0

[Event "fas KO - rating >1700"]
[Site "SchemingMind.com"]
[Date "2012.11.04"]
[Round "-"]
[White "kenneth m day"]
[Black "smothered mate"]
[Result "1-0"]
[WhiteCountry "USA"]
[BlackCountry "POL"]
[WhiteElo "1794"]
[WhiteRD "51"]
[BlackElo "1982"]
[BlackRD "55"]
[GameID "320615"]

1. e4 c5 2. Nf3 d6 3. d4 cxd4 4. Nxd4 Nf6 5. Nc3 g6 6. f3 Bg7 7. Be3 a6 8. Qd2 b5 9. a3 Bb7 10. g4 h6
11. h4 Nbd7 12. O-O-O Rc8 13. Bh3 Ne5 14. g5 Nfd7 15. gxh6 Bf8 16. Bf4 Nc4 17. Qg2 Rxh6 18. Bxh6 Bxh6+ 19. Kb1 Ne3 20. Qe2 Nxd1
21. Rxd1 Rc5 22. Nd5 e6 23. Ne3 Qxh4 24. Bg4 Qg5 25. Ng2 Ne5 26. Bxe6 fxe6 27. Nxe6 Qe7 28. Nxc5 dxc5 29. f4 Nc4 30. e5 Nb6
31. Rd6 Nd5 32. Rxg6 Bxf4 33. Rg8+ Kf7 34. Qg4 Qxe5 35. Qg6+ Ke7 36. Re8+ Kd7 37. Rxe5 Bxe5 38. Nh4 Ne7 39. Qf7 Bd5 40. Qh7 Ke6
41. Qh6+ Bf6 42. Ng6 Nxg6 43. Qxg6 c4 44. Qe8+ Kd6 45. Qb8+ Kd7 46. Qa7+ Ke6 47. Qxa6+ Ke5 48. Qxb5 Kd4 49. Qb6+ Ke4 50. Qxf6 c3
51. Qxc3
1-0

[Event "fas KO - rating >1700"]
[Site "SchemingMind.com"]
[Date "2012.11.06"]
[Round "-"]
[White "Apatchenlama"]
[Black "esteves101"]
[Result "0-1"]
[WhiteCountry "GER"]
[BlackCountry "PHI"]
[WhiteElo "1860"]
[WhiteRD "78"]
[BlackElo "2038"]
[BlackRD "86"]
[GameID "320744"]

1. Nf3 Nf6 2. g3 d5 3. Bg2 e6 4. O-O Nc6 5. d3 Bd6 6. Nbd2 O-O 7. e4 d4 8. Nc4 e5 9. Bg5 h6 10. Bd2 Bg4
11. h3 Be6 12. Nh4 Bc5 13. a3 Qd7 14. g4 a5 15. f4 exf4 16. Bxf4 g5 17. Ne5 Qd8 18. Nxc6 bxc6 19. Bxc7 Qxc7 20. Rxf6 gxh4
21. Rxh6 Qg3 22. Qd2 Qe3+ 23. Qf2 Qxh6
0-1

[Event "fas KO - rating >1700"]
[Site "SchemingMind.com"]
[Date "2012.11.07"]
[Round "-"]
[White "esteves101"]
[Black "Apatchenlama"]
[Result "1-0"]
[WhiteCountry "PHI"]
[BlackCountry "GER"]
[WhiteElo "2038"]
[WhiteRD "86"]
[BlackElo "1860"]
[BlackRD "78"]
[GameID "320748"]

1. e4 e6 2. d4 d5 3. e5 c5 4. Nf3 cxd4 5. Qxd4 Nc6 6. Bb5 Ne7 7. O-O a6 8. Bxc6+ Nxc6 9. Qg4 h5 10. Qf4 Be7
11. Rd1 b5 12. a4 b4 13. Qg3 Kf8 14. Bg5 Bxg5 15. Nxg5 h4 16. Qe3 Qe7 17. Nd2 d4 18. Qf4 Rh5 19. Nde4 Bd7 20. Rd3 Be8
21. Rh3 Nxe5 22. Qxe5
1-0

[Event "fas KO - rating >1700"]
[Site "SchemingMind.com"]
[Date "2012.12.21"]
[Round "-"]
[White "esteves101"]
[Black "kibic"]
[Result "0-1"]
[WhiteCountry "PHI"]
[BlackCountry "INT"]
[WhiteElo "2031"]
[WhiteRD "88"]
[BlackElo "2354"]
[BlackRD "63"]
[GameID "323646"]

1. e4 Nf6 2. e5 Nd5 3. Nc3 Nxc3 4. dxc3 Nc6 5. Nf3 g6 6. Bc4 Bg7 7. Bf4 O-O 8. O-O d6 9. Re1 Bg4 10. exd6 cxd6
11. h3 Ne5 12. Bxe5 Bxf3 13. Qxf3 Bxe5 14. Bb3 Qc7 15. Re4 e6 16. Rae1 Bg7 17. Rc4 Qd7 18. Rce4 a5 19. a4 d5 20. R4e3 b5
21. Ra1 b4 22. cxb4 axb4 23. Ra2 Ra5 24. Qf4 Qb7 25. h4 h5 26. Qg5 d4 27. Qxa5 dxe3 28. fxe3 Bh6 29. Qe5 Rd8 30. Kh2 Rd2
31. e4 Re2 32. a5 Rxe4 33. a6 Rxh4+ 34. Kg1 Qb6+ 35. Kf1 Rh1+ 36. Ke2 Qg1 37. Kd3 Rh4 38. Ra1 Qxg2 39. Qb8+ Kh7
0-1

[Event "fas KO - rating >1700"]
[Site "SchemingMind.com"]
[Date "2012.12.21"]
[Round "-"]
[White "kibic"]
[Black "esteves101"]
[Result "1-0"]
[WhiteCountry "INT"]
[BlackCountry "PHI"]
[WhiteElo "2354"]
[WhiteRD "63"]
[BlackElo "2031"]
[BlackRD "88"]
[GameID "323651"]

1. Nf3 d5 2. c4 e6 3. d4 dxc4 4. e4 b5 5. a4 Nf6 6. e5 Ne4 7. axb5 Bb4+ 8. Nbd2 c3 9. bxc3 Bxc3 10. Ra2 Bb7
11. Be2 Nxd2 12. Bxd2 Bxd4 13. Qa4 Bc5 14. Qg4 g6 15. Bg5 Qc8 16. Rc2 Nd7 17. Rxc5 Nxc5 18. Bf6 O-O 19. Qf4 Rd8 20. Qh6 Rd1+
21. Kxd1 Qf8 22. Qxf8+ Kxf8 23. Kd2 a6 24. bxa6 Bxa6 25. Bxa6 Rxa6 26. Rb1 Rb6 27. Rxb6 cxb6 28. Ke3 h6 29. Nd2 Na6 30. Kd4 Nc5
31. Nc4 Na4 32. Nd6 Nc5 33. Bd8 Nd7 34. Nc8 b5 35. Be7+ Ke8 36. Ba3 f6 37. Nd6+ Kd8 38. exf6 Nxf6 39. Nf7+ Ke8 40. Nxh6 Nd5
41. Ng4 Nf4 42. g3 Nd5 43. Kc5 Nc3 44. Kb4
1-0

[Event "fas KO - rating >1700"]
[Site "SchemingMind.com"]
[Date "2013.01.19"]
[Round "-"]
[White "smothered mate"]
[Black "John Hamer"]
[Result "1-0"]
[WhiteCountry "POL"]
[BlackCountry "ENG"]
[WhiteElo "2022"]
[WhiteRD "58"]
[BlackElo "2012"]
[BlackRD "65"]
[GameID "325160"]

1. e4 c6 2. d4 d5 3. exd5 cxd5 4. c4 Nf6 5. Nc3 e6 6. Nf3 Be7 7. c5 O-O 8. Bd3 b6 9. b4 a5 10. Na4 Nbd7
11. Qc2 axb4 12. c6 b3 13. axb3 b5 14. c7 Bb4+ 15. Nc3
1-0

[Event "fas KO - rating >1700"]
[Site "SchemingMind.com"]
[Date "2013.01.19"]
[Round "-"]
[White "John Hamer"]
[Black "smothered mate"]
[Result "1/2-1/2"]
[WhiteCountry "ENG"]
[BlackCountry "POL"]
[WhiteElo "2037"]
[WhiteRD "64"]
[BlackElo "1984"]
[BlackRD "58"]
[GameID "325166"]

1. d4 d5 2. Nf3 e6 3. c4 c5 4. Nc3 Nc6 5. e3 Nf6 6. Bd3 dxc4 7. Bxc4 a6 8. O-O b5 9. Bd3 Bb7 10. a4 c4
11. axb5 axb5 12. Rxa8 Bxa8 13. Bb1 Qb8 14. e4 Bb4 15. d5 exd5 16. Nxd5 Nxd5 17. exd5 Ne7 18. Qd4 Bxd5 19. Ng5 f6 20. Nxh7 Bg8
21. Qh4 Bxh7 22. Bxh7 Kf7 23. Be3 g6 24. Ra1 Qd8 25. Bd4 Nc6 26. Be3 c3 27. Bxg6+ Kxg6 28. Qe4+ Kf7 29. Qxc6=
1/2-1/2

[Event "fas KO - rating >1700"]
[Site "SchemingMind.com"]
[Date "2013.03.11"]
[Round "-"]
[White "kibic"]
[Black "smothered mate"]
[Result "1-0"]
[WhiteCountry "INT"]
[BlackCountry "POL"]
[WhiteElo "2312"]
[WhiteRD "67"]
[BlackElo "1971"]
[BlackRD "63"]
[GameID "328155"]

1. Nf3 d5 2. c4 e6 3. g3 c5 4. Bg2 Nc6 5. O-O Nf6 6. cxd5 exd5 7. d3 Be7 8. d4 O-O 9. Nc3 Bg4 10. dxc5 Bxc5
11. Bg5 d4 12. Bxf6 gxf6 13. Ne4 Be7 14. Rc1 Qb6 15. Qd2 Kg7 16. h3 Be6 17. Nh4 Rfd8 18. g4 Qb5 19. Ng3 d3 20. Nhf5+ Kf8
21. exd3 Rxd3 22. Qh6+ Ke8 23. Qxh7 Bf8 24. Rfe1 Ne5 25. Nh5
1-0

[Event "fas KO - rating >1700"]
[Site "SchemingMind.com"]
[Date "2013.03.11"]
[Round "-"]
[White "smothered mate"]
[Black "kibic"]
[Result "0-1"]
[WhiteCountry "POL"]
[BlackCountry "INT"]
[WhiteElo "1971"]
[WhiteRD "63"]
[BlackElo "2312"]
[BlackRD "67"]
[GameID "328158"]

1. e4 e5 2. Nf3 Nc6 3. d4 exd4 4. Nxd4 Nf6 5. Nxc6 bxc6 6. e5 Qe7 7. Qe2 Nd5 8. c4 Ba6 9. b3 O-O-O 10. g3 Nb6
11. Bb2 f6 12. Bg2 fxe5 13. O-O d5 14. Bxe5 Nd7 15. Bh3 h5 16. Qe3 Kb7 17. Re1 Qxe5 18. Qxe5 Nxe5 19. Rxe5 Bc5 20. Nc3 Bd4
21. Re3 Bxe3 22. fxe3 Rhe8 23. cxd5 cxd5 24. Bg2 c6 25. Kf2 Re5 26. Na4 Kb8 27. Nc5 Bc8 28. e4 dxe4 29. Nxe4 Bf5 30. Ng5 Rd2+
31. Kg1 Bg4 32. h3 Rxg5 33. hxg4 Rxg4
0-1